<?xml version="1.0" encoding="UTF-8"?>
<record
    xmlns:xsi="http://www.w3.org/2001/XMLSchema-instance"
    xsi:schemaLocation="http://www.loc.gov/MARC21/slim http://www.loc.gov/standards/marcxml/schema/MARC21slim.xsd"
    xmlns="http://www.loc.gov/MARC21/slim">

  <leader>00661nam a22001337a 4500</leader>
  <datafield tag="040" ind1=" " ind2=" ">
    <subfield code="c">RUA</subfield>
  </datafield>
  <datafield tag="082" ind1=" " ind2=" ">
    <subfield code="a">AGR  KEU 2022 B1.410 Or.1</subfield>
  </datafield>
  <datafield tag="100" ind1=" " ind2=" ">
    <subfield code="a">KEUN PHIRUN , &#x1780;&#x17BA;&#x1793; &#x1797;&#x17B8;&#x179A;&#x17BB;&#x1793;</subfield>
  </datafield>
  <datafield tag="245" ind1=" " ind2=" ">
    <subfield code="a">Adaptability of different chili pepper (Capsicum annum) varieties in rainy season condition, &#x1797;&#x17B6;&#x1796;&#x1794;&#x1793;&#x17D2;&#x179F;&#x17CA;&#x17B6;&#x17C6;&#x1793;&#x17C3;&#x1796;&#x17BC;&#x1787;&#x1798;&#x17D2;&#x1791;&#x17C1;&#x179F;&#x178A;&#x17C3;&#x1793;&#x17B6;&#x1784;&#x1795;&#x17D2;&#x179F;&#x17C1;&#x1784;&#x17D7;&#x1782;&#x17D2;&#x1793;&#x17B6; (Capsicum annum)&#x1780;&#x17D2;&#x1793;&#x17BB;&#x1784;&#x179B;&#x1780;&#x17D2;&#x1781;&#x1781;&#x178E;&#x17D2;&#x178C;&#x179A;&#x178A;&#x17BC;&#x179C;&#x179C;&#x179F;&#x17D2;&#x179F;&#x17B6;</subfield>
  </datafield>
  <datafield tag="260" ind1=" " ind2=" ">
    <subfield code="a">PHNOM PENH </subfield>
    <subfield code="b">RUA</subfield>
    <subfield code="c">2022</subfield>
  </datafield>
  <datafield tag="300" ind1=" " ind2=" ">
    <subfield code="a">x,</subfield>
    <subfield code="b">ill,</subfield>
    <subfield code="c">29cm,</subfield>
  </datafield>
  <datafield tag="856" ind1=" " ind2=" ">
    <subfield code="u">https://drive.google.com/file/d/1WBvzVQEJ_jIzGrybDnxU8_9UaOCVfhDP/view?usp=sharing</subfield>
  </datafield>
  <datafield tag="942" ind1=" " ind2=" ">
    <subfield code="c">AGR</subfield>
  </datafield>
  <datafield tag="999" ind1=" " ind2=" ">
    <subfield code="c">24186</subfield>
    <subfield code="d">24186</subfield>
  </datafield>
  <datafield tag="952" ind1=" " ind2=" ">
    <subfield code="0">0</subfield>
    <subfield code="1">0</subfield>
    <subfield code="4">0</subfield>
    <subfield code="6">AGR_KEU_2022_000000000000000_B1_410_OR_1</subfield>
    <subfield code="7">0</subfield>
    <subfield code="9">102918</subfield>
    <subfield code="a">LBB</subfield>
    <subfield code="b">LBB</subfield>
    <subfield code="d">2025-02-10</subfield>
    <subfield code="o">AGR  KEU 2022 B1.410 Or.1</subfield>
    <subfield code="p">A079520</subfield>
    <subfield code="r">2025-02-10</subfield>
    <subfield code="y">AGR</subfield>
  </datafield>
  <datafield tag="952" ind1=" " ind2=" ">
    <subfield code="0">0</subfield>
    <subfield code="1">0</subfield>
    <subfield code="4">0</subfield>
    <subfield code="6">AGR_KEU_2022_000000000000000_B1_410_OR_2</subfield>
    <subfield code="7">0</subfield>
    <subfield code="9">102919</subfield>
    <subfield code="a">LBB</subfield>
    <subfield code="b">LBB</subfield>
    <subfield code="d">2025-02-10</subfield>
    <subfield code="o">AGR  KEU 2022 B1.410 Or.2</subfield>
    <subfield code="p">A079472</subfield>
    <subfield code="r">2025-02-10</subfield>
    <subfield code="y">AGR</subfield>
  </datafield>
  <datafield tag="952" ind1=" " ind2=" ">
    <subfield code="0">0</subfield>
    <subfield code="1">0</subfield>
    <subfield code="4">0</subfield>
    <subfield code="6">AGR_KEU_2022_000000000000000_B1_410_OR_3</subfield>
    <subfield code="7">0</subfield>
    <subfield code="9">102920</subfield>
    <subfield code="a">LBB</subfield>
    <subfield code="b">LBB</subfield>
    <subfield code="d">2025-02-10</subfield>
    <subfield code="o">AGR  KEU 2022 B1.410 Or.3</subfield>
    <subfield code="p">A079468</subfield>
    <subfield code="r">2025-02-10</subfield>
    <subfield code="y">AGR</subfield>
  </datafield>
</record>
